000 00830nam a2200229 i 4500
003 DO-SdBNP
005 20250205120234.0
007 ta
008 230824e1955 dr ||||| |||| 00| 0 spa d
040 _aDO-SdBNP
_bspa
_cBNPHU
_erda
082 4 _222
_a373.27
_bR426p 1955
110 1 _aRepública Dominicana.
_bSecretaría de Estado de Educación, Bellas Artes y Cultos
_923965
245 1 0 _aProgramas de la educación secundaria :
_b4to curso, filosofía y letras
264 1 _aCiudad Trujillo, R. D. :
_bEditor no identificado,
_c1955.
300 _a38 páginas ;
_c20 cm.
336 _atexto
_btxt
_2rdacontent
337 _asin mediación
_bn
_2rdamedia
338 _avolumen
_bnc
_2rdacarrier
504 _aBibliografía : páginas, 11, 12 - 16 - 21 - 24, 25 - 29 - 34 y 38
590 _aInventariado 2023 / MF
942 _2ddc
_cLF2
999 _c54525
_d54525